LEADER 01466nam--2200433---450- 001 990001235610203316 005 20060222120648.0 035 $a000123561 035 $aUSA01000123561 035 $a(ALEPH)000123561USA01 035 $a000123561 100 $a20031103d1980----km-y0itay0103----ba 101 0 $aita 102 $aIT 105 $a||||||||001yy 200 1 $aStoria della morte in Occidente$edal Medioevo ai nostri giorni$fPhilippe Aries$gtrad. di Simona Vegezzi 205 $a2. ed 210 $aMilano$cBiblioteca Universale Rizzoli$d1980 215 $a257 p.$d18 cm. 225 2 $aBUR$iStoria$v168 312 $aEssais sur l'histoire de la mort en Occident du Moyen Age à nos jours 410 0$12001$aBUR$iStoria$v168 454 1$12001$aEssais sur l'histoire de la mort en Occident du Moyen Age à nos jours$915775 461 1$1001-------$12001 606 0 $aMorte$xSaggi 676 $a128.5 700 1$aARIES,$bPhilippe$0403228 702 1$aVEGEZZI,$bSimona 801 0$aIT$bsalbc$gISBD 912 $a990001235610203316 951 $aIII.2. 1056(V A Coll.152/168)$b22113 L.M.$cV A Coll. 959 $aBK 969 $aUMA 979 $aSIAV4$b10$c20031103$lUSA01$h1706 979 $aSIAV4$b10$c20031106$lUSA01$h1709 979 $aPATRY$b90$c20040406$lUSA01$h1728 979 $aCOPAT3$b90$c20060222$lUSA01$h1206 996 $aEssais sur l'histoire de la mort en occident du moyen age a nos jours$915775 997 $aUNISA LEADER 02132oam 2200529 450 001 9910707022503321 005 20160406093659.0 035 $a(CKB)5470000002461266 035 $a(OCoLC)889723639 035 $a(EXLCZ)995470000002461266 100 $a20140901d1990 ua 0 101 0 $aeng 135 $aurmn||||||||| 181 $ctxt$2rdacontent 182 $cc$2rdamedia 183 $acr$2rdacarrier 200 10$aStructural and stratigraphic framework of the Giles County area, a part of the Appalachian Basin of Virginia and West Virginia /$fby Robert C. McDowell and Arthur P. Schultz. Late paleozoic depositional trends in the Central Appalachian Basin / by Kenneth J. Englund and Roger E. Thomas 210 1$a[Reston, Va.] :$cDepartment of the Interior, U.S. Geological Survey,$d1990. 210 2$a[Washington, D.C.] :$cUnited States Government Printing Office. 215 $a1 online resource (58 unnumbered pages, 2 page of plates) $cillustrations, maps (some color) 225 1 $aU.S. Geological Survey bulletin ;$v1839-E,F 225 1 $aEvolution of sedimentary basins--Appalachian basin ;$vch. E,F 300 $aTitle from title screen (viewed Aug. 28, 2014). 320 $aIncludes bibliographical references. 606 $aGeology$zAppalachian Basin 606 $aSedimentary basins$zAppalachian Basin 606 $aGeology$2fast 606 $aSedimentary basins$2fast 607 $aUnited States$zAppalachian Basin$2fast 615 0$aGeology 615 0$aSedimentary basins 615 7$aGeology. 615 7$aSedimentary basins. 700 $aMcDowell$b Robert C.$f1935-$01382590 701 $aThomas$b Roger E$01416620 701 2$aEnglund$b Kenneth John$f1923-$01387031 702 $aSchultz$b Arthur P. 712 02$aGeological Survey (U.S.), 801 0$bCOP 801 1$bCOP 801 2$bOCLCO 801 2$bOCLCF 801 2$bGPO 906 $aBOOK 912 $a9910707022503321 996 $aStructural and stratigraphic framework of the Giles County area, a part of the Appalachian Basin of Virginia and West Virginia$93522590 997 $aUNINA